Erfolgreichste Videospiele nach Hauptschurken - Statistiken

Allgemein
  • Dieses Quiz wurde 133 mal gespielt
    76 seit der letzten Aktualisierung
  • Das Durchschnittsergebnis liegt bei 7 aus 16
Antwortstatistiken
Bildquiz Hint Antwort % Korrekt
2011 / Windows, macOS, Linux, Android, iOS, iPadOS, XBox 360, Raspberry Pi, Windows Phone, PlayStation 3, Fire OS, PlayStation 4, XBox One, PlayStation Vita, Wii U, tvOS, Nintendo Switch, New Nintendo 3DS, Apple TV, ChromeOS, PlayStation 5 Minecraft
100%
1985 / NES, Arcade; 2006 / Nintendo DS; 2009 / Wii Super Mario Bros. / New Super Mario Bros. / New Super Mario Bros. Wii
96%
2013 / PlayStation 3, Xbox 360, PlayStation 4, XBox One, Windows, PlayStation 5, Xbox Series X/S Grand Theft Auto V
86%
2018 / PlayStation 4, XBox One, Windows, Stadia Red Dead Redemption 2
80%
1996 / Game Boy Pokémon Rot / Pokémon Blau
60%
2016 / PlayStation 4, Windows, Xbox One, Nintendo Switch Overwatch
56%
2012 / Windows, macOS, PlayStation 3, XBox 360, PlayStation 4, XBox One, Nintendo Switch Diablo III
49%
2015 / PlayStation 4, Windows, XBox One, Nintendo Switch, PlayStation 5, Xbox Series X/S The Witcher 3: Wild Hunt
40%
2020 / Windows, PlayStation 4, PlayStation 5, XBox One, XBox Series X/S, Stadia, macOS Cyberpunk 2077
37%
2016 / Windows, Linux, macOS, PlayStation 4, XBox One, Nintendo Switch, PlayStation Vita, iOS, Android Stardew Valley
37%
2018 / Nintendo Switch Super Smash Bros. Ultimate
21%
2017 / Nintendo Switch The Legend of Zelda: Breath of the Wild
20%
2015 / PlayStation 3, PlayStation 4, Windows, XBox 360, XBox One, macOS Call of Duty: Black Ops III
17%
2019 / PlayStation 4, Windows, XBox One Call of Duty: Modern Warfare
17%
2011 / Windows, PlayStation 3, XBox 360, PlayStation Vita, iOS, Android, Windows Phone, PlayStation 4, XBox One, macOS, Linux, Nintendo 3DS, Wii U, Nintendo Switch, Stadia Terraria
16%
2020 / PlayStation 4, PlayStation 5, Windows, XBox One, Xbox Series X/S Call of Duty: Black Ops Cold War
4%
Keine übereinstimmenden Quizze gefunden
Verteilung der Resultate
Anzahl Personen mit jedem Resultat
Perzentil nach korrekt beantworteten Fragen
Ihre Resultats-Entwicklung
Sie haben dieses Quiz seit der letzten Aktualisierung nicht gespielt